| 000 | 00365nam a2200145Ia 4500 | ||
|---|---|---|---|
| 008 | 230917s9999||||xx |||||||||||||| ||und|| | ||
| 040 |
_e118822 _aMAIN |
||
| 041 | _aEnglish | ||
| 082 | _a547.2 B861S | ||
| 100 | _aBuehler, Calvin A. | ||
| 245 | 0 | _aSurvey of organic syntheses | |
| 260 |
_aNew York _bJohn Wiley & Sons _c1970 |
||
| 300 | _a1166p. p. | ||
| 942 | _cBK | ||
| 999 |
_c202692 _d202692 |
||